000 01042nas a2200325 4500
001 BR2012005968
003 BR-BrBNA
005 20231205120945.0
007 ta
008 230509b bl.|||p| |||| 00| 00por d
040 _aBR-BrBNA
_bpor
_cBiblioteca Nacional de Agricultura
041 _a(En)
072 _aL72
100 1 _aSantos, E.
100 1 _aCorreia, J.
100 1 _aMuniz, L.
100 1 _aMeiado, M.
100 1 _aAlbuquerque, C.
245 1 _aOviposition activity of Aedes aegypti L. (Diptera: Culicidae)in response to different organic infusions
246 1 _aOviposition activity of Aedes aegypti L. (Diptera: Culicidae)in response to different organic infusions
650 _aPRAGA DE ANIMAL
650 _aVETOR
650 _aTRANSMISSÃO DE DOENÇA
650 _aDIPTERO
650 _aMOSQUITO
650 _aPOSTURA
773 0 _tNeotropical Entomology (Brazil)
_xISSN 1519-566X
_g(Mar-Apr 2010), v. 39(2) p. 299-302
_wBR2012005968
909 _a202311
_bLúcia
_c55
_dLúcia Elande
942 _2AGRIS
_n0
_cANA
999 _c221178
_d221178